| Tag |
First Indicator |
Second Indicator |
Subfields |
| LEADER |
00000cgm a2200000Mi 4500 |
| 001 |
in00005581908 |
| 006 |
m o c |
| 007 |
cr |n||||||||a |
| 007 |
vz |za|z| |
| 008 |
240613s2005 nyu013 e o vneng d |
| 005 |
20241201232744.1 |
| 035 |
|
|
|a (OCoLC)on1445934399
|
| 040 |
|
|
|a ALSTP
|b eng
|e rda
|c ALSTP
|d OCLCO
|d DXU
|
| 019 |
|
|
|a 1451834014
|
| 035 |
|
|
|a (OCoLC)1445934399
|z (OCoLC)1451834014
|
| 049 |
|
|
|a TXAM
|
| 245 |
0 |
0 |
|a 60 minutes II.
|p Who's your momma? /
|c produced by Peter Klein.
|
| 246 |
3 |
3 |
|a Sixty minutes II.
|p Who's your momma?
|
| 246 |
3 |
0 |
|a Who's your momma?
|
| 264 |
|
1 |
|a New York, NY :
|b Columbia Broadcasting System (CBS),
|c 2005.
|
| 300 |
|
|
|a 1 online resource (13 minutes)
|
| 306 |
|
|
|a 001214
|
| 336 |
|
|
|a two-dimensional moving image
|b tdi
|2 rdacontent
|
| 337 |
|
|
|a computer
|b c
|2 rdamedia
|
| 337 |
|
|
|a video
|b v
|2 rdamedia
|
| 338 |
|
|
|a online resource
|b cr
|2 rdacarrier
|
| 347 |
|
|
|a video file
|2 rdaft
|
| 490 |
0 |
|
|a 60 Minutes II
|
| 511 |
0 |
|
|a Reporter, Charlie Rose.
|
| 588 |
0 |
|
|a Title from resource description page (viewed June 13, 2024).
|
| 520 |
|
|
|a A report on Operation Migration, a four-year experimental program trying to establish a new migratory flock of whooping cranes after nearly a century of these birds teetering on the brink of extinction. Includes an interview with Joe Duff, an artist and amateur pilot, who has teamed up with scientists at the U.S. Government-run Patuxent Wildlife Research Center, where the cranes are bred and raised. Duff teaches the birds how to migrate south using his small ultra-light plane as the 'lead bird'.
|
| 546 |
|
|
|a In English.
|
| 650 |
|
0 |
|a Whooping crane
|x Reintroduction.
|
| 650 |
|
0 |
|a Wildlife reintroduction.
|
| 650 |
|
6 |
|a Grue blanche
|x Réintroduction.
|
| 650 |
|
6 |
|a Animaux
|x Réintroduction.
|
| 655 |
|
7 |
|a Television news programs.
|2 lcgft
|
| 655 |
|
7 |
|a Téléjournaux.
|2 rvmgf
|
| 700 |
1 |
|
|a Rose, Charlie,
|e on-screen presenter,
|e interviewer.
|
| 700 |
1 |
|
|a Klein, Peter W.,
|e producer.
|
| 710 |
2 |
|
|a CBS News,
|e production company.
|
| 730 |
0 |
|
|i In series:
|a 60 minutes II (Television program)
|
| 856 |
4 |
0 |
|u http://proxy.library.tamu.edu/login?url=https://www.aspresolver.com/aspresolver.asp?MARC;5571601
|z Connect to this streaming video (Alexander Street Press)
|t 0
|
| 955 |
|
|
|a Alexander Street Press subscription streaming video
|
| 994 |
|
|
|a 92
|b TXA
|
| 999 |
f |
f |
|s 3ef615c6-804f-40ed-bfe4-e47277e67e46
|i 73eb5d0d-cb2d-461f-bbdf-139c8b4eb389
|t 0
|
| 952 |
f |
f |
|a Texas A&M University
|b College Station
|c Electronic Resources
|d Available Online
|t 0
|h Library of Congress classification
|
| 998 |
f |
f |
|t 0
|l Available Online
|